[Event "Kstovo op"]
[Site "Kstovo"]
[Date "1994.??.??"]
[Round "8"]
[White "Gabdrakhmanov, Rafail"]
[Black "Kostrov, Andrei"]
[Result "1-0"]
[WhiteElo "2410"]
[BlackElo "2260"]
[PlyCount "155"]
[EventDate "1994.08.??"]
[EventType "swiss"]
[EventRounds "9"]
[EventCountry "RUS"]
[SourceTitle "CBM 042 Extra"]
[Source "ChessBase"]
[SourceDate "1994.11.01"]
[SourceVersion "1"]
[SourceVersionDate "1994.11.01"]
[SourceQuality "1"]

1. Nf3 Nf6 2. c4 c5 3. Nc3 Nc6 4. e3 e5 5. d4 exd4 6. exd4 d5 7. Bg5 cxd4 8. Nxd4 Bb4 9. Qe2+ Qe7 10. Bxf6 gxf6 11. Nxc6 bxc6 12. Qxe7+ Kxe7 13. 0-0-0 Bxc3 14. bxc3 dxc4 15. Bxc4 Be6 16. Rd4 Rhg8 17. g3 Rad8 18. Rh4 Rg4 19. Rxg4 Bxg4 20. Re1+ Kf8 21. Re4 Bc8 22. Rf4 Ke7 23. Kc2 Be6 24. Bb3 Rb8 25. Ra4 Rb7 26. Ra5 Bg4 27. Bc4 Kd6 28. Bd3 h6 29. Bf5 Bf3 30. Ra4 Bd5 31. Be4 Be6 32. Ra5 Bg4 33. Ra6 Rc7 34. Ra4 Be6 35. f3 Rb7 36. Ra6 Rc7 37. Ra5 c5 38. Ra6+ Ke5 39. Bd3 f5 40. f4+ Kf6 41. Bc4 Ke7 42. Be2 Kd7 43. c4 Kc8 44. Ra5 Kd7 45. Kc3 Ke7 46. Bf3 Bc8 47. Bd5 Kf6 48. Kd3 Kg6 49. Ke3 Re7+ 50. Kf3 Rc7 51. h3 Kg7 52. Rb5 Kg6 53. Rb8 f6 54. Rb3 Re7 55. Kf2 Kg7 56. Rb8 Rc7 57. Ke3 Kh7 58. Kd2 Kg7 59. Kc3 Kh7 60. Kb3 h5 61. h4 Kh6 62. Ka3 Kg6 63. Ka4 Kg7 64. Ka5 Kh6 65. a3 Kg7 66. a4 Kh6 67. Ra8 Kg7 68. Kb5 Bd7+ 69. Ka6 Bc8+ 70. Ka5 Kg6 71. Kb5 Bd7+ 72. Ka6 Bc8+ 73. Rxc8 Rxc8 74. Kxa7 Rd8 75. Bc6 Kf7 76. Kb6 Ke7 77. a5 Kd6 78. a6 1-0

[Event "Kstovo op"]
[Site "Kstovo"]
[Date "1994.??.??"]
[Round "3"]
[White "Kostrov, Andrei"]
[Black "Sokolov, Alexander"]
[Result "0-1"]
[WhiteElo "2260"]
[BlackElo "2365"]
[PlyCount "80"]
[EventDate "1994.08.??"]
[EventType "swiss"]
[EventRounds "9"]
[EventCountry "RUS"]
[SourceTitle "CBM 042 Extra"]
[Source "ChessBase"]
[SourceDate "1994.11.01"]
[SourceVersion "1"]
[SourceVersionDate "1994.11.01"]
[SourceQuality "1"]

1. e4 c5 2. Nc3 g6 3. f4 Bg7 4. Nf3 e6 5. d3 d6 6. g3 Nc6 7. Bg2 Nge7 8. 0-0 0-0 9. Ne2 Rb8 10. Kh1 b5 11. g4 f5 12. gxf5 exf5 13. Ng3 Kh8 14. Qe1 Qc7 15. Qf2 Nd4 16. c3 Nxf3 17. Qxf3 c4 18. Re1 Bb7 19. Qe2 Rbe8 20. Be3 cxd3 21. Qxd3 fxe4 22. Bxe4 Nf5 23. Bf2 Nxg3+ 24. hxg3 Rxe4 25. Rxe4 Re8 26. Qxb5 Rxe4 27. Kg1 a6 28. Qb6 Qxb6 29. Bxb6 Re2 30. Rd1 Rxb2 31. Rxd6 Bxc3 32. Kf1 Bg2+ 33. Kg1 Rxb6 34. Rd8+ Kg7 35. Rd7+ Kf6 36. Kxg2 Rb2+ 37. Kf3 Rxa2 38. Rxh7 Ra3 39. g4 Bd2+ 40. Ke4 Ra4+ 0-1

[Event "Kstovo op"]
[Site "Kstovo"]
[Date "1994.??.??"]
[Round "2"]
[White "Shulman, Vladlen"]
[Black "Kostrov, Andrei"]
[Result "1/2-1/2"]
[WhiteElo "2270"]
[BlackElo "2260"]
[PlyCount "114"]
[EventDate "1994.08.??"]
[EventType "swiss"]
[EventRounds "9"]
[EventCountry "RUS"]
[SourceTitle "CBM 042 Extra"]
[Source "ChessBase"]
[SourceDate "1994.11.01"]
[SourceVersion "1"]
[SourceVersionDate "1994.11.01"]
[SourceQuality "1"]

1. e4 e5 2. Nf3 Nf6 3. Nc3 Nc6 4. Bb5 Bc5 5. 0-0 d6 6. d4 exd4 7. Nxd4 Bd7 8. Bxc6 bxc6 9. Bg5 h6 10. Bh4 Rb8 11. Nb3 Bb6 12. h3 0-0 13. Kh1 Qe7 14. f4 Qe6 15. Qf3 Nh7 16. Qd3 Rfe8 17. Rae1 f5 18. e5 Nf8 19. Na4 Ng6 20. Bg3 Rbd8 21. Nxb6 axb6 22. exd6 Qxd6 23. Qxd6 cxd6 24. Nd2 Bc8 25. Nc4 Ba6 26. Rxe8+ Rxe8 27. Nxd6 Bxf1 28. Nxe8 Kf7 29. Nd6+ Ke6 30. Ne8 Kf7 31. Nd6+ Ke6 32. Nc8 b5 33. Kg1 Be2 34. Kf2 Bd1 35. c4 Kd7 36. Nb6+ Kc7 37. c5 Nf8 38. Ke3 Nd7 39. Kd4 Nxb6 40. cxb6+ Kxb6 41. Bf2 Kc7 42. Ke5 Kd7 43. Bc5 Bc2 44. b3 h5 45. g3 Bb1 46. a4 Bc2 47. a5 Bxb3 48. Bd6 c5 49. Bxc5 Bc4 50. Bf8 Bf1 51. h4 g6 52. Kf6 Be2 53. Kxg6 Bg4 54. Kf6 Kc6 55. Ke5 Kb7 56. Bb4 Ka6 57. Kd6 Bh3 1/2-1/2

[Event "Katowice Fibak op"]
[Site "Katowice"]
[Date "1993.??.??"]
[Round "4"]
[White "Kostrov, Andrei"]
[Black "Raetsky, Alexander"]
[Result "1/2-1/2"]
[WhiteElo "2255"]
[BlackElo "2465"]
[PlyCount "85"]
[EventDate "1993.01.??"]
[EventType "swiss"]
[EventRounds "9"]
[EventCountry "POL"]
[SourceTitle "EXT 1998"]
[Source "ChessBase"]
[SourceDate "1997.11.17"]
[SourceVersion "1"]
[SourceVersionDate "1997.11.17"]
[SourceQuality "1"]

1. e4 e5 2. Nf3 Nf6 3. Nxe5 d6 4. Nf3 Nxe4 5. d4 d5 6. Bd3 Bd6 7. 0-0 0-0 8. Re1 Re8 9. c4 c6 10. Nc3 Nxc3 11. bxc3 Bg4 12. Bg5 Rxe1+ 13. Qxe1 Qd7 14. Qe3 Na6 15. cxd5 cxd5 16. Ne5 Bxe5 17. dxe5 Qc6 18. Qd4 Be6 19. Rb1 Nc5 20. Bb5 Qc7 21. Be3 b6 22. Rd1 Rc8 23. f4 Bg4 24. Rc1 Rd8 25. h3 Bf5 26. Be2 Be4 27. Bg4 Nd3 28. Rf1 Qc4 29. Bf3 Qxd4 30. Bxd4 Nxf4 31. Bxe4 Ne2+ 32. Kf2 Nxd4 33. Bxh7+ Kxh7 34. cxd4 Rc8 35. Ke3 Kg6 36. Kd3 Rc4 37. Rf2 Ra4 38. Kc3 Ra3+ 39. Kb4 Rd3 40. Rf4 Rd2 41. Rg4+ Kf5 42. a4 g5 43. Kb5 1/2-1/2